Landlocked Countries - Statistics

General Stats
  • This quiz has been taken 2 times
  • The average score is 6 of 44
Answer Stats
Country % Correct
Kazakhstan
100%
Paraguay
100%
Andorra
50%
Austria
50%
Bolivia
50%
Mali
50%
Mongolia
50%
San Marino
50%
Tajikistan
50%
Uzbekistan
50%
Afghanistan
0%
Armenia
0%
Azerbaijan
0%
Belarus
0%
Bhutan
0%
Botswana
0%
Burkina Faso
0%
Burundi
0%
Central African Republic
0%
Chad
0%
Czechia
0%
Ethiopia
0%
Hungary
0%
Kosovo
0%
Kyrgyzstan
0%
Laos
0%
Lesotho
0%
Liechtenstein
0%
Luxembourg
0%
Macedonia
0%
Malawi
0%
Moldova
0%
Nepal
0%
Niger
0%
Rwanda
0%
Serbia
0%
Slovakia
0%
South Sudan
0%
Swaziland
0%
Switzerland
0%
Turkmenistan
0%
Uganda
0%
Zambia
0%
Zimbabwe
0%
No matching quizzes found
Score Distribution
Percent of People with Each Score
Percentile by Number Answered
Your Score History
You have not taken this quiz